Statistics for Currency or Food?

Click here to take the quiz!

General Stats

  • This quiz has been taken 48 times
  • The average score is 11 of 15

Answer Stats

HintAnswer% Correct
LevCurrency
88%
PoutineFood
88%
FarofaFood
84%
TonkatsuFood
84%
DramCurrency
81%
MoussakaFood
81%
KormaFood
81%
BirrCurrency
70%
NkwobiFood
70%
ManatCurrency
67%
KyatCurrency
65%
BalutFood
65%
SomoniCurrency
63%
TakaCurrency
60%
Pa'angaCurrency
47%

Score Distribution

Percentile by Number Answered

Percent of People with Each Score

Your Score History

You have not taken this quiz